Stadien der Endrunde der Europameisterschaft - Statistiken

Allgemein
  • Dieses Quiz wurde 50 mal gespielt
  • Das Durchschnittsergebnis liegt bei 7 aus 14
Antwortstatistiken
Bildquiz Antwort % Korrekt
Olympiastadion Berlin - Berlin
96%
Olympiastadion Kiew - Kiew
96%
Olympiastadion München - München
96%
Olympiastadion Rom - Rom
96%
Estadio Santiago Bernabéu - Madrid
87%
Wembley-Stadion - London
78%
Parc des Princes - Paris
65%
Estádio da Luz - Lissabon
39%
Stade de France - Saint-Denis
33%
Ernst-Happel-Stadion - Wien
24%
De Kuip - Rotterdam
15%
Stadion Rajko Mitić - Belgrad
9%
Ullevi - Göteborg
7%
König-Baudouin-Stadion - Brüssel
2%
Keine übereinstimmenden Quizze gefunden
Verteilung der Resultate
Anzahl Personen mit jedem Resultat
Perzentil nach korrekt beantworteten Fragen
Ihre Resultats-Entwicklung
Sie haben dieses Quiz noch nicht gespielt